000 00329nam a2200133 a 4500
005 20140414093842.0
008 090108s19uu xx uuu eng d
050 _aDVD 530.1
_bWHA 2004
245 _aWhat the bleep do we know!?.
650 _aQuantum theory.
650 _aDocumentary film.
942 _cAVM
999 _c109369
_d109369